Riconosci il Pokémon - Quiz n°682 - Statistics

Statistiche generali
  • Questo quiz è stato fatto 0 volte
  • Il punteggio medio è 0 su 10
Statistiche sulle risposte
Indizio Riposta % Corretto
Altezza 0,60 m
0%
Peso 16,3 kg
0%
Tasso di cattura 190 (35.2%)
0%
Sesso 50% ♂, 50% ♀
0%
Abilità Antisuono; Paura
0%
Stadio evoluzione Forma Base
0%
Tasso di allevamento Medio-Lento
0%
Tipo Normale
0%
Generazione Terza
0%
Pokémon Whismur
0%
Nessun quiz corrispondente trovato
Distribuzione punteggi
Percentuale di utenti per punteggio
Percentile per numero di risposta
I tuoi punteggi nel tempo
Non hai fatto questo quiz